| 000 | 00665nam a2200181Ia 4500 | ||
|---|---|---|---|
| 008 | 100122s9999 xx 000 0 und d | ||
| 082 |
_b45042 _a821 |
||
| 100 | _aसावरकर विनायक दामोदर | ||
| 245 | _aमहासागर ( क.क्र.26/4 ) | ||
| 260 |
_bवीर सावरकर प्रकाशन _c1986 |
||
| 300 | _a24 | ||
| 520 | _aस्वा.वीर सावरकर | ||
| 620 | _aस्वा.वीर सावरकर | ||
| 630 | _aमहासागर ( क.क्र.26/4 ) | ||
| 700 | _aरानडे भा ल | ||
| 730 | _aमहासागर ( क.क्र.26/4 ) | ||
| 942 | _cBOOK | ||
| 999 |
_c424620 _d424617 |
||